000 00687nam a2200217Ia 4500
003 OSt
005 20251004103538.0
008 210210b1996 xxu||||| |||| 00| 0 eng d
020 _a81 260 0038 4
040 _cAL
041 _aKannada
082 _aK894.1 BENK
100 _aBENDRE (Da Ra). Psued: Ambikatanayadatta.
_9133601
_dಬೇಂದ್ರೆ (ದಾ ರಾ) ,ಅಂಬಿಕಾತನಯದತ್ತ .
245 _aKabira Vachanavali.
_bಕಬೀರ ವಚನಾವಳಿ
260 _aN D
_bSahitya Akademi
_c1996
300 _av,198
650 _aHindi Translation Kabir Vachanavali
_9133602
690 _aKannada Poetry
_9133603
906 _a060426
942 _2ddc
_cBK
999 _c107573
_d107573